1033 1795 1181 1126 1844 1508 1534 1476 1521 1773 1907 1807 1178 1029 1831 1967 1527 1923 1915 1660 1013 1134 1479 1177 1834 1926 1525 1043 1856 1833 1798 1551 1560 1033 1523 1233 1862 1083 1978 1342 1211 1551 1000 1439 1668 1543 1071 1790 1567 1106 1517 1626 1707 1720 1970 1495 1330 1917 1641 1187 1628 1774 1823 1331 1387 1479 1777 1284 1814 1167 1066 1965 1710 1728 1238 1660 1644 1565 1998 1856 1333 1290 1439 1594 1578 1036 1425 1041 1884 1485 1683 1988 1579 1793 1449 1961 1983 1893 1825 BCNSPRNW ULIB Ver.6.0+V

เปลี่ยนเป็นภาษาไทย

Change to English
 แสดงรายละเอียดบรรณานุกรม
  กลับหน้าหลัก

Brief Record : Get Marc (ISO 2709) : E-mail record : QR code < ปิดหน้าต่าง
LEADER : 00000nam 2200000uu 4500
001    13399125125
003     ULIB
008    160930s2555||||th 000 0 tha d
020    ^a9786167531670
090    ^aนว.^bอ164ท
100    ^aอนันตชา
245    ^aทัณฑ์สวาททาสรัก /^cอนันตชา
260    ^aกรุงเทพฯ :^bสำนักพิมพ์พลอยใส,^c2555
300    ^a240หน้า
945    ^p99^l0^i001360
999    ^aณรีรัตน์ วารุกา
รายการนี้ยังไม่มีแท็ก
คุณยังไม่ได้ล็อกอิน คุณสามารถมีกิจกรรมร่วมกับเว็บไซต์ได้ แต่ต้องล็อกอินก่อน ::
  ล็อกอิน

รายการสื่อสารสนเทศ

ลำดับที่ ประเภท เลขเรียก/บาร์โค้ด สถานที่ สถานะ
1. นวนิยาย
นวนิยาย
นว. อ164ท ฉ.1 
  Barcode: 001360
ห้องสมุดวิทยาเขตนครสวรรค์
►นวนิยาย:l:Fiction
บนชั้น

BibComment


ยังไม่เคยถูกคอมเมนท์

คอมเมนท์ทรัพยากรรายการนี้
  คอมเมนท์: ทัณฑ์สวาททาสรัก ..


 Copyright 2026. Bcnsprnw @Library